#Amoi berhijab
| Main Author: | |
|---|---|
| Format: | Book |
| Published: |
Batu Caves :
PTS Publishing House Sendirian Berhad ,
2015
|
| Subjects: |
MARC
| LEADER | 00000cam a2200000 7i4500 | ||
|---|---|---|---|
| 001 | 0000200045 | ||
| 005 | 20151231.0 | ||
| 020 | |a 9789674113766 | ||
| 090 | 0 | 0 | |a 297.574 |b YEA |
| 100 | 1 | |a Yeap, Felixia | |
| 245 | 1 | 0 | |a #Amoi berhijab |c Felixia Yeap |
| 260 | |a Batu Caves : |b PTS Publishing House Sendirian Berhad , |c 2015 | ||
| 300 | |a 160p. ; |c 23cm. | ||
| 600 | 0 | 0 | |a Yeap, Felixia , |c 1986- |
| 650 | 0 | |a Muslim converts | |
| 999 | |a 00314547 |b BUKU |c PINJAMAN |e PERPUSTAKAAN KOMUNITI PETALING JAYA | ||